00468nam a22001697a 4500003000400000005001700004008004100021020001500062050002200077082002500099245006600124260005800190300002600248521001200274541000600286562000600292OSt20140310181911.0130712t xxu||||| |||| 00| 0 eng d a1857922956 aBT 77b.F352 1984 aTR 230.21 bF38 1984 aThe big book of questions and answers /cSinclair B. Ferguson aFinland : bChristian Focus Publications Ltd, c1984. a95 p.bill. ;c30 cm. aFaculty j1 e1